1884 1238 1502 1039 1023 1576 1082 1001 1262 1539 1999 1962 1514 1627 1110 1310 1913 1259 1635 1475 1712 1378 1900 1722 1972 1917 1780 1496 1549 1421 1146 1655 1278 1475 1213 1573 1000 1719 1331 1062 1701 1271 1858 1775 1891 1066 1927 1097 1635 1119 1521 1773 1643 1423 1932 1276 1465 1114 1315 1729 1084 1243 1516 1215 1912 1999 1026 1956 1263 1643 1864 1828 1466 1651 1832 1987 1175 1927 1570 1844 1477 1914 1614 1172 1247 1071 1734 1438 1843 1981 1469 1590 1196 1337 1659 1247 1023 1640 1030 BCNSPRNW ULIB Ver.6.0+V

เปลี่ยนเป็นภาษาไทย

Change to English
 แสดงรายละเอียดบรรณานุกรม
  กลับหน้าหลัก

Brief Record : Get Marc (ISO 2709) : E-mail record : QR code < ปิดหน้าต่าง
LEADER : 00000nam 2200000uu 4500
001    13399121582
003     ULIB
008    121123s2548||||th 000 0 tha d
020    ^a9749318102
020    ^a9789749318102
060 04 ^aWT120^bธ391ร
100 0  ^aธวัช ประสาทฤทธา
245 10 ^aรู้ทันอาการอันตรายกับโรคผู้สูงอายุ /^cธวัช ประสาทฤทธา ...[และคนอื่นๆ] ; บรรณาธิการ ประภาส เที่ยงธรรม
260    ^aกรุงเทพฯ :^bเรือนปัญญา,^c2548
300    ^a162 หน้า :^bภาพประกอบ ;^c21 ซม.
650  7 ^aผู้สูงอายุ^xโรค
650  7 ^aผู้สูงอายุ^xสุขภาพและอนามัย
700 0  ^aประภาส เที่ยงธรรม,^eบรรณาธิการ
945    ^p135^l0^i14319
995    ^aวิภา
999 ^a ใช้งานได้ทุกระบบ
รายการนี้ยังไม่มีแท็ก
คุณยังไม่ได้ล็อกอิน คุณสามารถมีกิจกรรมร่วมกับเว็บไซต์ได้ แต่ต้องล็อกอินก่อน ::
  ล็อกอิน

รายการสื่อสารสนเทศ

ลำดับที่ ประเภท เลขเรียก/บาร์โค้ด สถานที่ สถานะ
1. วิทยาศาสตร์การแพทย์ และสุขภาพ
วิทยาศาสตร์การแพทย์ และสุขภาพ
WT120 ธ391ร  
  Barcode: 14319
ห้องสมุดวิทยาเขตสวรรค์ประชารักษ์
►หนังสือทั่วไป
บนชั้น

รายการใกล้เคียง
    ผู้แต่ง [ธวัช ประสาทฤทธา]

BibComment


ยังไม่เคยถูกคอมเมนท์

คอมเมนท์ทรัพยากรรายการนี้
  คอมเมนท์: รู้ทันอาการอันตร..


 Copyright 2026. Bcnsprnw @Library